000 01079nam2a2200205 4500
001 RU\NLR\PER_B\2739505_1971_3
005 20250625092400.0
035 _a(NLR Aleph) 022028063
090 _a12531712
_c12531712
100 _a20230914d1971 |||y0rusy50 ca
101 0 _arus
102 _aRU
200 0 _aТ. 13, № 3
210 _d1971
_aБ. м.
461 0 _1001RU\NLR\INFOCOMM17\1000383516
_12001#$aВысокомолекулярные соединения$hСерия Б$iКраткие сообщения$eЖурн. теорет. и эксперим. химии и физики высокомолекулярных соединений$fАН СССР$vТ. 13, № 3
_92040265
_cМ.
_d1967-1992
_fАН СССР
_hСерия Б
_iКраткие сообщения
_nНаука
_oЖурн. теорет. и эксперим. химии и физики высокомолекулярных соединений
_tВысокомолекулярные соединения
_vТ. 13, № 3
852 _aNLR
_jП8/790
942 _cISSUE
980 _aNB
980 _aRUSPER